MEDICINAL CHEMISTRY (Record no. 17334)
[ view plain ]
| 000 -LEADER | |
|---|---|
| fixed length control field | 00347nam a22001577a 4500 |
| 003 - CONTROL NUMBER IDENTIFIER | |
| control field | SGT |
| 020 ## - INTERNATIONAL STANDARD BOOK NUMBER | |
| International Standard Book Number | 978-93-86649-72-0 |
| 082 ## - DEWEY DECIMAL CLASSIFICATION NUMBER | |
| Classification number | 615.19 |
| Item number | M18K |
| 100 ## - MAIN ENTRY--PERSONAL NAME | |
| Personal name | KAR,ASHUTOSH |
| 245 ## - TITLE STATEMENT | |
| Title | MEDICINAL CHEMISTRY |
| 250 ## - EDITION STATEMENT | |
| Edition statement | 7TH |
| 260 ## - PUBLICATION, DISTRIBUTION, ETC. (IMPRINT) | |
| Place of publication, distribution, etc | NEW DELHI |
| Name of publisher, distributor, etc | NEW AGE INTERNATIONAL |
| Year of Publication | 2018 |
| 300 ## - PAGE DESCRIPTION | |
| No. of Pages | 956 |
| 650 ## - SUBJECT ADDED ENTRY--TOPICAL TERM | |
| Topical term or geographic name as entry element | PHARMACY |
| 942 ## - ADDED ENTRY ELEMENTS (KOHA) | |
| Source of classification or shelving scheme | Dewey Decimal Classification |
| Koha item type | Books |
| 942 ## - ADDED ENTRY ELEMENTS (KOHA) | |
| -- | 27 |
| Withdrawn status | Lost status | Source of classification or shelving scheme | Damaged status | Not for loan | Collection code | Home library | Current library | Shelving location | Date acquired | Vendor Name | Cost, normal purchase price | SGTU | Bill Number | Total Checkouts | Full call number | Accession No. (Barcode) | Date last seen | Date last borrowed | Bill Date | Koha item type |
|---|---|---|---|---|---|---|---|---|---|---|---|---|---|---|---|---|---|---|---|---|
| Dewey Decimal Classification | PHARMACY | SGT FA-FP Library | SGT FA-FP Library | Text Book | 05/04/2019 | AHUJA PUB | 699.00 | SGTU | 10918 | 4 | 615.19 M18K | FP3178 | 12/04/2022 | 29/03/2022 | 03/04/2019 | Books | ||||
| Dewey Decimal Classification | PHARMACY | SGT FA-FP Library | SGT FA-FP Library | Text Book | 05/04/2019 | AHUJA PUB | 699.00 | SGTU | 10918 | 8 | 615.19 M18K | FP3179 | 02/04/2025 | 17/03/2025 | 03/04/2019 | Books | ||||
| Dewey Decimal Classification | PHARMACY | SGT FA-FP Library | SGT FA-FP Library | Text Book | 05/04/2019 | AHUJA PUB | 699.00 | SGTU | 10918 | 6 | 615.19 M18K | FP3180 | 10/12/2025 | 02/12/2025 | 03/04/2019 | Books | ||||
| Dewey Decimal Classification | PHARMACY | SGT FA-FP Library | SGT FA-FP Library | Text Book | 05/04/2019 | AHUJA PUB | 699.00 | SGTU | 10918 | 7 | 615.19 M18K | FP3181 | 25/06/2022 | 04/06/2022 | 03/04/2019 | Books | ||||
| Dewey Decimal Classification | PHARMACY | SGT FA-FP Library | SGT FA-FP Library | Text Book | 05/04/2019 | AHUJA PUB | 699.00 | SGTU | 10918 | 18 | 615.19 M18K | FP3182 | 28/03/2025 | 17/03/2025 | 03/04/2019 | Books |